| 000 | 00571nam a2200193 a 4500 | ||
|---|---|---|---|
| 005 | 20230510063735.0 | ||
| 008 | 991125s19911997bar 000 0 spa u | ||
| 020 | _a8475096964 | ||
| 035 | _aUPN01000017989 | ||
| 049 | _aCG | ||
| 050 | 4 |
_aHQ56 _bB33 |
|
| 100 | 1 | _aBarragán Medero, Fernando | |
| 245 | 1 | 3 |
_aLa educación sexual : _bguía teórica y práctica / _cFernando Barragán Medero. |
| 260 |
_aBarcelona, Esp. : _bPaidós, _c1991 (1997 impr.) |
||
| 300 | _a209 p. | ||
| 440 | 0 |
_aPapeles de pedagogía ; _v1 |
|
| 650 | 4 |
_aEducación sexual _97445 |
|
| 905 | _aLibro | ||
| 999 |
_c17989 _d17989 |
||